Don Cheadle Filmography - Statistics

General Stats
  • This quiz has been taken 137 times
    22 since last reset
  • The average score is 37 of 135
Answer Stats
Type Year Name % Correct
Film 2015 Avengers: Age of Ultron
92%
Film 2019 Avengers: Endgame
92%
Film 2016 Captain America: Civil War
92%
Film 2018 Avengers: Infinity War
83%
Film | Video Game 2010 Iron Man 2
83%
Film 2013 Iron Man 3
83%
Film 2004 Hotel Rwanda
67%
Film 2001 Ocean's Eleven
58%
Film 2007 Ocean's Thirteen
58%
Film 2004 Ocean's Twelve
58%
Film 2001 Rush Hour 2
58%
Web Mini-Series 2023 Secret Invasion
58%
Film 2000 Traffic
58%
Short Film 1984 3 Days
50%
Film 1997 Boogie Nights
50%
Film 2004 Crash
50%
Film 2000 Mission to Mars
50%
Film 2021 Space Jam: A New Legacy
50%
Film 1998 Bulworth
42%
Film 1988 Colors
42%
Film 1995 Devil in a Blue Dress
42%
Film 1987 Hamburger Hill
42%
TV Show 2012-2016 House of Lies
42%
Film 2015 Miles Ahead
42%
Film 1985 Moving Violations
42%
Film 1998 Out of Sight
42%
Film 1997 Rosewood
42%
TV Show 2019 Saturday Night Live
42%
Web Mini-Series 2021 The Falcon and the Winter Soldier
42%
Film 2000 The Family Man
42%
Film 1993 The Meteor Man
42%
TV Film 2001 Things Behind the Sun
42%
Film 1995 Things to Do in Denver When You're Dead
42%
Short Film 2002 Ticker
42%
Film 1997 Volcano
42%
Film 2003 Abby Singer
33%
Film 2004 After the Sunset
33%
TV Show 2019-2021 Black Monday
33%
Film 2009 Brooklyn's Finest
33%
Documentary 2007 Darfur Now
33%
TV Show 2002 ER
33%
Film 2012 Flight
33%
Film 2009 Hotel for Dogs
33%
Documentary 2006 King Leopold's Ghost
33%
Film 2001 Manic
33%
TV Show 1988 Night Court
33%
TV Show 1993-1995 Picket Fences
33%
Film 2007 Reign Over Me
33%
Film 2001 Swordfish
33%
Film 2007 Talk to Me
33%
Film 2004 The Assassination of Richard Nixon
33%
TV Show 2002 The Bernie Mac Show
33%
TV Show 1990 The Fresh Prince of Bel-Air
33%
TV Show 1992-1993 The Golden Palace
33%
Film 2011 The Guard
33%
TV Show 2000 The Simpsons
33%
Film 2003 The United States of Leland
33%
Film 2008 Traitor
33%
Web Series 2021 What If...?
33%
TV Show 2012 30 Rock
25%
TV Show 1989 Booker
25%
TV Show 1990 China Beach
25%
TV Show 2018, 2020 DuckTales
25%
TV Show 1986 Fame
25%
Web Mini-Series 2024 Fight Night: The Million Dollar Heist
25%
TV Show 1993 Hangin' with Mr. Cooper
25%
TV Show 1987 Hill Street Blues
25%
TV Show 1988 Hooperman
25%
TV Show 1986 L.A. Law
25%
TV Show 2003 MADtv
25%
Film 2021 No Sudden Move
25%
TV Film 1996 Rebound: The Legend of Earl "The Goat" Manigault
25%
TV Show 1986 Sidekicks
25%
TV Show 1987 The Bronx Zoo
25%
TV Film 1998 The Rat Pack
25%
Film 2024 Unstoppable
25%
Film 2022 White Noise
25%
Film 2021 With/In: Volume 1
25%
Web Series 2023 Agent Elvis
17%
TV Film 1999 A Lesson Before Dying
17%
Web Series TBA Armor Wars
17%
Film TBA Black Stallions
17%
Short Film 2012 Captain Planet 2
17%
Short Film 2012 Captain Planet 3
17%
Short Film 2012 Captain Planet 4
17%
Short Film 2011 Dixon Golf: Golf Gods vs. Dixon Golf
17%
Short Film 2011 Don Cheadle Is Captain Planet
17%
Web Series 2020 Don't Look Deeper
17%
TV Show 2010 Drunk History
17%
TV Film 2000 Fail Safe
17%
Stand-Up Special 2016 Kevin Hart: What Now?
17%
TV Film 1993 Lush Life
17%
Short Film 1986 Punk
17%
Short Film 2011 Sacks West
17%
Web Series 2022 The Boys Presents: Diabolical
17%
Short Film 2021 The Bunny & The GOAT - ESPN 30 for 30
17%
Short Film 1988 The Cherry
17%
Film 2006 The Dog Problem
17%
Documentary 2009 The People Speak
17%
TV Show 2021-2023 The Wonder Years
17%
Theater 2001 Topdog/Underdog
17%
Music Video 2017 1-800-273-8255
8%
TV Show 2001 Animated Tales of the World
8%
Web Series 2023 Big Mouth
8%
TV Show 2023 Dave
8%
Music Video 2017 DNA.
8%
Music Video 1989 It's the Real Thing
8%
Video Game 2016 Lego Marvel's Avengers
8%
TV Show 2017 Lip Sync Battle
8%
Music Video 2014 On the Run
8%
Film 1992 Roadside Prophets
8%
Short Film 2022 The Transatlantic Slave Trade
8%
Film 2004 Unchained Memories: Readings from the Slave Narratives
8%
Commercial 2020 120th U.S. Open Championship
0%
Documentary 2008 Adjust Your Color: The Truth of Petey Greene
0%
Documentary Series 2003 Biography
0%
Commercial 2014 Bud Light
0%
Theater 1989 Cymbeline
0%
Audiobook 2003 Fear Itself
0%
Commercial 2021 Ford
0%
Documentary Mini-Series 2002 Heroes of Black Comedy
0%
Documentary Series 2003, 2004, 2009 Independent Lens
0%
Documentary 2012 La Source
0%
Commercial 2021 Michelob Ultra
0%
Commercial 2002 NFL Playoffs
0%
Documentary Mini-Series 2025 Number One on the Call Sheet
0%
Web Series 2020 Ratched
0%
Director 2024 The Big Cigar
0%
Commercial 2005 The Los Angeles Mentoring Partnership
0%
Documentary 2024 The Real Full Monty
0%
Theater 1990 'Tis Pity She's a Whore
0%
Documentary 2024 Triumph: Jesse Owens and the Berlin Olympics
0%
Commercial 2013 Xfinity by Comcast
0%
Documentary Series 2014, 2016 Years of Living Dangerously
0%
No matching quizzes found
Score Distribution
Percent of People with Each Score
Percentile by Number Answered
Your Score History
You have not taken this quiz since the last reset